Лекции по нелинейной динамике. Элементарное введение: учебное пособие

Détails bibliographiques
Auteur principal: Данилов Ю. А. Юлий Александрович
Résumé:В основу настоящего учебного пособия легли лекции, которые выдающийся ученый, педагог, популяризатор науки Ю. А. Данилов читал на химическом факультете МГУ им. М. В. Ломоносова, на "Нелинейных днях для молодых" в СГУ им. Н. Г. Чернышевского, в МИФИ, а также в университетах Западной Европы. В пособии подробно изложены дискретные отображения и теория непрерывных систем, хаотическое поведение, фрактальная теория и степенные законы, синергетика и эргодическая теория. Отличительной особенностью курса является конкретность (доведение формул до вида, удобного для практических расчетов) и точное изложение основных понятий, обычно приводимых без определений. Книга предназначена для студентов и аспирантов физико-математических, биологических и химических специальностей, а также для всех, кто интересуется современным состоянием науки о поведении сложных систем различной природы (от физических до социальных, экономических и т. п.).
Langue:russe
Publié: Москва, Либроком, 2011
Édition:4-е изд.
Collection:Синергетика: от прошлого к будущему
Sujets:
Format: Livre
KOHA link:https://koha.lib.tpu.ru/cgi-bin/koha/opac-detail.pl?biblionumber=209235

MARC

LEADER 00000nam0a2200000 4500
001 209235
005 20231101225525.0
010 |a 9785397021661 
035 |a (RuTPU)RU\TPU\book\228558 
090 |a 209235 
100 |a 20120210d2012 m y0rusy50 ca 
101 0 |a rus 
102 |a RU 
105 |a a j 001zy 
200 1 |a Лекции по нелинейной динамике. Элементарное введение  |e учебное пособие  |f Ю. А. Данилов 
205 |a 4-е изд. 
210 |a Москва  |c Либроком  |d 2011 
215 |a 203 с.  |c ил. 
225 1 |a Синергетика: от прошлого к будущему 
320 |a Библиогр.: с. 202-203. 
330 |a В основу настоящего учебного пособия легли лекции, которые выдающийся ученый, педагог, популяризатор науки Ю. А. Данилов читал на химическом факультете МГУ им. М. В. Ломоносова, на "Нелинейных днях для молодых" в СГУ им. Н. Г. Чернышевского, в МИФИ, а также в университетах Западной Европы. В пособии подробно изложены дискретные отображения и теория непрерывных систем, хаотическое поведение, фрактальная теория и степенные законы, синергетика и эргодическая теория. Отличительной особенностью курса является конкретность (доведение формул до вида, удобного для практических расчетов) и точное изложение основных понятий, обычно приводимых без определений. Книга предназначена для студентов и аспирантов физико-математических, биологических и химических специальностей, а также для всех, кто интересуется современным состоянием науки о поведении сложных систем различной природы (от физических до социальных, экономических и т. п.). 
606 1 |a Нелинейная динамика  |2 stltpush  |3 (RuTPU)RU\TPU\subj\58999  |9 76666 
610 1 |a квадратичное отображение 
610 1 |a непрерывные системы 
610 1 |a хаос 
610 1 |a количественные меры 
610 1 |a геометрически регулярные фракталы 
610 1 |a мультифракталы 
610 1 |a фрактальные среды 
610 1 |a афинные преобразования 
610 1 |a метод Софуса Ли 
610 1 |a солитоны 
610 1 |a КАМ-теория 
610 1 |a учебные пособия 
675 |a 531.39(07)  |v 3 
700 1 |a Данилов  |b Ю. А.  |g Юлий Александрович 
801 1 |a RU  |b 63413507  |c 20120210 
801 2 |a RU  |b 63413507  |c 20120411  |g RCR 
942 |c BK 
959 |a 22/20120210  |d 1  |e 217,80  |f ЧЗТЛ:1